000
00301nam a2200121Ia 4500
008
191201s2015 xx 000 0 und d
100
_a
GHEZZI, Carlo
245
0
_a
Fundamental of software Engineering
250
_a
2nd edi.
260
_c
2015
_b
Pearson
_a
NEW DELHI
300
_a
604
942
_2
ddc
_c
BK
_0
2
999
_c
7991
_d
7991